| 000 | 01032cam a22002655a 4500 | ||
|---|---|---|---|
| 001 | L142112 | ||
| 008 | 080124s2007 xxk f 000 0 eng u | ||
| 020 | _a9780421932500 | ||
| 035 | _a(Sirsi) u142112 | ||
| 041 | 0 | _aeng | |
| 050 | 0 | 4 | _a346.4104343 $2 18 |
| 100 | 1 | _aReynolds, Kirk | |
| 245 | 0 | 0 | _aRenewal of business tenancies |
| 250 | _a3rd ed. | ||
| 260 |
_aLondon _bSweet & Maxwell _c2007 |
||
| 300 |
_alxv, 882p. _c24cm. |
||
| 350 | _a195 | ||
| 520 | _aProvides the practitioner with a detailed guide to the law and procedure of renewing business tenancies under the Landlord and Tenant Act 1954, as amended by the Regulatory Reform (Business Tenancies) (England and Wales) Order 2003. Includes tables of cases, statutes and statutory instruments. | ||
| 650 | _aLANDLORD AND TENANT ACT 1954 | ||
| 650 | _aREGULATORY REFORM (BUSINESS TENANCIES) (ENGLAND AND WALES) ORDER 2003 | ||
| 651 | 4 |
_aEngland and Wales _y1543- |
|
| 690 | _aLANDLORD AND TENANT-BUSINESS TENANCIES | ||
| 700 | 1 | _aClark, Wayne | |
| 942 | _n0 | ||
| 999 |
_c107845 _d107845 |
||